| 000 | 02196 a2200229 4500 | ||
|---|---|---|---|
| 001 | 1898 | ||
| 005 | 20260407155419.0 | ||
| 008 | 260407a2010 arg spa d | ||
| 003 | AR-UNSa-BCEJYS | ||
| 040 |
_aAR-UNSa-BCEJYS _bspa _cAR-UNSa-BCEJYS |
||
| 080 |
_a657 _xContabilidad |
||
| 245 | 1 | 0 |
_aNormas contables para la actividad agopecuaria _presolución técnica Nº 22, NIC Nº 41, NIIF para Pymes, sección 34 |
| 020 | _a978-987-1577-40-8 | ||
| 250 | _a2a. ed. | ||
| 264 | 1 |
_aBuenos Aires : _bOsmar D. Buyatti _c2010 |
|
| 300 |
_a371 p. _c22 cm. |
||
| 505 | _a1. Cuestiones previas al estudio de las normas de la RT 22 - 2. Normas de medición y de exposición establecidas para la generalidad de las actividades agropecuarias - 3. Medición de activos biológicos y de productos agropecuarios - 4. Medición de bienes destinados a la venta en el curso normal de la actividad - 5. Medición de activos biológicos con procesos de producción continua - 6. Medición de activos específicos de la actividad agropecuaria destinados a ser utilizados como factor de la producción - 7. Medición de los resultados específicos de la actividad agropecuaria - 8. Rubros vinculados a la actividad agropecuaria no contemplados por la RT 22 - 9. Exposición de activos y resultados específicos de la actividad agropecuaria - 10. Aplicación de las normas internacionales de información financiera en el ámbito nacional - 11. Aplicación de las normas a la actividad ganadera - 12. Aplicación de las normas a las cabañas (producción de reproductores) - 13. Aplicación de las normas a la agricultura - 14. Aplicación de las normas a la horticultura - 15. Aplicación de las normas a la fruticultura - 16. Aplicación de las normas a la actividad tambera - 17. Aplicación de las normas a la avicultura - 18. Contabilización del impuesto a las ganancias en las empresas agropecuarias - 19. Estados contables de entes agropecuarios ajustados a moneda homogénea | ||
| 942 | _cBK | ||
| 590 | _aniveau_biblio:m niveau_hierar:0 | ||
| 100 | 1 | _aTorres, Carlos Federico | |
| 856 | 4 | 1 |
_uhttps://biblioeco.unsa.edu.ar/pmb/images/libros/Actividad Agropecuaria2-l118009.jpg _yImagen de portada _qimage/jpeg |
| 999 |
_c198 _d198 |
||